Java softwar solutions: (Record no. 158673)

MARC details
000 -LEADER
fixed length control field 00702nam a22002177a 4500
005 - DATE AND TIME OF LATEST TRANSACTION
control field 20181110162211.0
010 ## - LCCN (DPL NO)
LC control number ENG-124475
020 ## - INTERNATIONAL STANDARD BOOK NUMBER
International Standard Book Number 9789353063610
Terms of availability 699.00
035 ## - SYSTEM CONTROL NUMBER
System control number EN-108007
037 ## - SOURCE OF ACQUISITION
Source of stock number/acquisition DBAD/PUB
082 ## - DEWEY DECIMAL CLASSIFICATION NUMBER
Classification number 005.117
100 ## - MAIN ENTRY--PERSONAL NAME
Personal name Lewis, John
245 ## - TITLE STATEMENT
Title Java softwar solutions:
Statement of responsibility, etc by John Lewis [and] William Loftus
Remainder of title Foundations of program design /
250 ## - EDITION STATEMENT
Edition statement 9th ed.
260 ## - PUBLICATION, DISTRIBUTION, ETC. (IMPRINT)
Place of publication, distribution, etc New Delhi
Name of publisher, distributor, etc Pearson
Date of publication, distribution, etc 2018
270 ## - ADDRESS
Address 14 Local Shopping Centre, Panchsheel Park
City New Delhi
Postal code 110017
300 ## - PHYSICAL DESCRIPTION
Extent xii,various paging.
Dimensions 24cm. (pbk)
500 ## - GENERAL NOTE
General note It includes short questions and answers
700 ## - ADDED ENTRY--PERSONAL NAME
Personal name Loftus, William
942 ## - ADDED ENTRY ELEMENTS (KOHA)
Source of classification or shelving scheme Dewey Decimal Classification
Item type English Books
Classification part 005.117
Call number suffix LEW
Holdings
Withdrawn status Lost status Not for loan Collection code Home library Current library Date acquired Source of acquisition Cost, normal purchase price Full call number Barcode Copy number Cost, replacement price Koha item type
    Not For Loan Non-fiction D.B.Act.Division Bawana 12/11/2018 DBAD/PUB 699.00 005.117 LEW EN-108007 1 699.00 English Books

© Delhi Public Library
Hit Counter
free hit counter